Le cinéma de science-fiction (notice n° 1569761)

détails MARC
000 -LEADER
fixed length control field 01494cam a2200133 4500500
005 - DATE AND TIME OF LATEST TRANSACTION
control field 20251214011700.0
041 ## - LANGUAGE CODE
Language code of text/sound track or separate title fre
042 ## - AUTHENTICATION CODE
Authentication code dc
100 10 - MAIN ENTRY--PERSONAL NAME
Personal name Dufour, Éric
Relator term author
245 00 - TITLE STATEMENT
Title Le cinéma de science-fiction
260 ## - PUBLICATION, DISTRIBUTION, ETC.
Name of publisher, distributor, etc. Armand Colin,<br/>
Date of publication, distribution, etc. 2011.<br/>
520 ## - SUMMARY, ETC.
Summary, etc. Quand le cinéma de science-fiction est-il né ? Quelles sont les formes qu’il a prises avant de s‘imposer comme un genre à part entière ? Que peut-on y lire et que nous apprend-il du regard que nous portons sur le monde qui nous entoure ? De ses débuts comme genre dans l’Amérique des années 1950 jusqu’à aujourd’hui, toutes les facettes de ce cinéma sont ici décrites et analysées selon des angles résolument novateurs. Grâce à de très nombreux exemples, nous découvrons comment, de la peur atomique des années de Guerre froide à l’émergence, trente ans plus tard, du cyberpunk, les films de science-fiction nous éclairent sur les évolutions technologiques et esthétiques de leur époque. Dans un second temps, l’ouvrage propose une typologie des figures visuelles et narratives, depuis l’imagerie du voyage dans l’espace ou celle de l’extraterrestre jusqu’à la critique sociale et politique, et montre combien ce genre cinématographique, qui est création d’un monde, est fondé sur la désorientation de l’homme face à ses propres repères.
856 41 - ELECTRONIC LOCATION AND ACCESS
Uniform Resource Identifier <a href="https://shs.cairn.info/le-cinema-de-science-fiction--9782200270339?lang=fr&redirect-ssocas=7080">https://shs.cairn.info/le-cinema-de-science-fiction--9782200270339?lang=fr&redirect-ssocas=7080</a>

Pas d'exemplaire disponible.

PLUDOC

PLUDOC est la plateforme unique et centralisée de gestion des bibliothèques physiques et numériques de Guinée administré par le CEDUST. Elle est la plus grande base de données de ressources documentaires pour les Étudiants, Enseignants chercheurs et Chercheurs de Guinée.

Adresse

627 919 101/664 919 101

25 boulevard du commerce
Kaloum, Conakry, Guinée

Réseaux sociaux

Powered by Netsen Group @ 2025